000 00514 a2200181 4500
003 OSt
005 20240123101337.0
008 240123b |||||||| |||| 00| 0 eng d
020 _a9789392115141
040 _coclc
082 _a297.61
_bHUD/I
100 _aHudawi, A.P. Musthafa
_910300
245 _aImam Razi /
_cA.P. Musthafa Hudawi
250 _a1st ed.
260 _aMalappuram:
_bBook Plus Publishers,
_c2023.
300 _a112p.
942 _2ddc
_cBK
_h297.61
_iHUD/I
_k297.61
_mHUD/I
999 _c43293
_d43293